Zdravá závislost
Časopis Forbes radí Pavlu Gomba medzi najvlivnejšie ženy Česka. Pavla Gomba riadi Detský fond OSN-UNICEF dvadsať rokov. Pod jej vedením sa ročný obrat organizácie každoročne zvyšuje, minulý rok presiahol hranicu 100 miliónov Kč ročne. Súčasťou jej práce sú aj misie do terénu, do vojnových zón a obla...
Guardado en:
| Autor principal: | |
|---|---|
| Formato: | Capítulo de libro |
| Lenguaje: | checo |
| Materias: | |
| Etiquetas: |
Sin Etiquetas, Sea el primero en etiquetar este registro!
|
MARC
| LEADER | 00000naa a2200000 4500 | ||
|---|---|---|---|
| 001 | 0278672 | ||
| 005 | 20220707122208.6 | ||
| 041 | 0 | |a cze | |
| 044 | |a CZ | ||
| 245 | 1 | 0 | |a Zdravá závislost |c Lucie Štěpánková |
| 520 | |a Časopis Forbes radí Pavlu Gomba medzi najvlivnejšie ženy Česka. Pavla Gomba riadi Detský fond OSN-UNICEF dvadsať rokov. Pod jej vedením sa ročný obrat organizácie každoročne zvyšuje, minulý rok presiahol hranicu 100 miliónov Kč ročne. Súčasťou jej práce sú aj misie do terénu, do vojnových zón a oblastí sužovaných chorobami, chudobou a prírodnými katastrofami. | ||
| 610 | 2 | 0 | |a fondy finančné |
| 610 | 2 | 0 | |a riadenie |
| 610 | 2 | 0 | |a práca s ľuďmi |
| 610 | 2 | 0 | |a deti |
| 610 | 2 | 0 | |a pomoc finančná |
| 610 | 2 | 0 | |a misia |
| 610 | 2 | 0 | |a Organizácia spojených národov |
| 610 | 2 | 0 | |a Detský fond Spojených národov |
| 100 | 1 | |a Štěpánková, Lucie | |